Investigar en derecho /
Guardado en:
| Autor Principal: | |
|---|---|
| Otros Autores: | |
| Formato: | Desconocido |
| Idioma: | Spanish |
| Publicado: |
Ciudad Autónoma de Buenos Aires :
Eudeba,
2015.
|
| Edición: | 1a. ed. |
| Series: | Serie textos
|
| Materias: | |
| Etiquetas: |
Agregar Etiqueta
Sin Etiquetas, Sea el primero en etiquetar este registro!
|
| LEADER | 00592nac a22001935a 4500 | ||
|---|---|---|---|
| 001 | DER.der012788 | ||
| 008 | 180615i2015####ag#||||||||||||||#||spa|| | ||
| 005 | 20250207105419.0 | ||
| 245 | 1 | 0 | |a Investigar en derecho / |c Ana Kunz, Nancy Cardinaux. |
| 250 | |a 1a. ed. | ||
| 260 | |a Ciudad Autónoma de Buenos Aires : |b Eudeba, |c 2015. | ||
| 300 | |a 181 p. | ||
| 440 | 0 | |a Serie textos | |
| 020 | |a 9789502323794 | ||
| 100 | 1 | |a Kunz, Ana. | |
| 700 | 1 | |a Cardinaux, Nancy. | |
| 650 | 7 | |a INVESTIGACION | |
| 859 | |a DERECHO |b BIB. DERECHO |h 378.242 |i KUN |p 000287 | ||
| 859 | |a DERECHO |b BIB. DERECHO |h 378.242 |i KUN |p 009250 |t 1 |v 2 | ||
